The social thought of Karl Marx

Gardado en:
Detalles Bibliográficos
Autor Principal: HOLT, Justin P.
Formato: Libro
Idioma:inglés
Publicado: Sage Publications 2015
Tags: Engadir etiqueta
Sen Etiquetas, Sexa o primeiro en etiquetar este rexistro!

MARC

LEADER 00000nam a22000007a 4500
008 210121b ||||| |||| 00| 0 eng d
020 |a 978-1-4129-9784-3 
100 |a HOLT, Justin P. 
245 |a The social thought of Karl Marx  |c Justin P. Holt  |f Social Thinkers series  |g  xi: 275p; ill. 
260 |b Sage Publications  |c 2015  |h Thousand Oaks, California  |i 692487   |i 692488  |l HB97.5 .H74  |m Marx, Karl 1818-1883 – Political and social views  |m Marxian economics  |m Marxian school of sociology 
942 |a lcc  |c BK  |e YUNUSA, A.A.  |f 21/01/2021 
952 |0 0  |1 0  |2 lcc  |4 0  |6 HB00975 H74  |7 0  |9 1405  |a HOL  |b SSL  |c GJ  |d 2021-01-21  |l 0  |o HB97.5 .H74  |p 2021-0208  |r 2021-01-21 00:00:00  |w 2021-01-21  |y BK 
952 |0 0  |1 0  |2 lcc  |4 0  |6 HB00975 H74  |7 0  |9 1406  |a HOL  |b HOL  |c GJ  |d 2021-01-21  |l 0  |o HB97.5 .H74  |p 2021-0209  |r 2021-01-21 00:00:00  |w 2021-01-21  |y BK 
999 |c 732  |d 732